Southville International School and Colleges
Your cart is empty.
  • Cart
  • Lists
    Public lists Eva Luna New books Lux_list list_1
    Your lists Log in to create your own lists
  • Log in to your account
  • Your cookies
  • Search history
Southville International School and Colleges
  • Advanced search
  • Recent comments
  • Most popular
  • Libraries

Log in to your account

Log in with GOOGLE


If you do not have an external account, but do have a local account, you can still log in:

  1. Home
  2. MARC view: Basic statistics for research /
Normal view MARC view ISBD view

Basic statistics for research / (Record no. 357857)

[ view plain ]
MARC details
000 -LEADER
fixed length control field 00613nam a2200217Ia 4500
008 - FIXED-LENGTH DATA ELEMENTS--GENERAL INFORMATION
fixed length control field 180523s9999 xx 000 0 und d
020 ## - INTERNATIONAL STANDARD BOOK NUMBER
International Standard Book Number 978-971-9617-56-3
050 ## - LIBRARY OF CONGRESS CALL NUMBER
Classification number FIL HA 29
050 ## - LIBRARY OF CONGRESS CALL NUMBER
Item number .D43 2015
100 ## - MAIN ENTRY--PERSONAL NAME
Personal name De Belen, Rustico T.
245 #0 - TITLE STATEMENT
Title Basic statistics for research /
245 #0 - TITLE STATEMENT
Statement of responsibility, etc Rustico T. De Belen, Joel P. Feliciano.
260 ## - PUBLICATION, DISTRIBUTION, ETC. (IMPRINT)
Place of publication, distribution, etc [n. p.]
260 ## - PUBLICATION, DISTRIBUTION, ETC. (IMPRINT)
Name of publisher, distributor, etc Wiseman's Book Trading,
260 ## - PUBLICATION, DISTRIBUTION, ETC. (IMPRINT)
Date of publication, distribution, etc 2015
300 ## - PHYSICAL DESCRIPTION
Extent 160 pages:
300 ## - PHYSICAL DESCRIPTION
Other physical details illustrations ;
300 ## - PHYSICAL DESCRIPTION
Dimensions 23 cm.
500 ## - GENERAL NOTE
General note Includes bibliographical references.
650 ## - SUBJECT ADDED ENTRY--TOPICAL TERM
Topical term or geographic name as entry element Social sciences -- Statistical methods.
Holdings
Withdrawn status Lost status Damaged status Home library Current library Shelving location Date acquired Cost, normal purchase price Total Checkouts Full call number Barcode Date last seen Price effective from Koha item type
      South Mansfield College South Mansfield College Filipiniana Section 02/14/2017 540.55   FIL HA 29 .D43 2015 SMC06094 05/23/2018 05/23/2018 Books

Basic statistics for research /

APA

De Belen R. T., .Basic statistics for research. [n. p.]: .

Chicago

De Belen Rustico T, .Basic statistics for research. [n. p.]: .

Harvard

De Belen R. T., .Basic statistics for research. [n. p.]: .

MLA

De Belen Rustico T, .[n. p.]: . .

  • Place hold
  • Print
  • Cite
  • Add to your cart (remove)
  • Save record
    BIBTEX Dublin Core MARCXML MARC (non-Unicode/MARC-8) MARC (Unicode/UTF-8) MARC (Unicode/UTF-8, Standard) MODS (XML) RIS
  • More searches
    Search for this title in:
    Other Libraries (WorldCat) Other Databases (Google Scholar) Online Stores (Bookfinder.com) Open Library (openlibrary.org)

Exporting to Dublin Core...

SOUTHVILLE LIBRARY

Southville International School and Colleges Library

1281 Tropical Ave. Cor. Luxembourg St., BF Homes International, Las Pinas City

Tel. No. 8256374 / 252358 Loc. 117/146

Powered by Koha